00373nam a2200169Ia 4500003000400000005001700004008004100021040000700062082002000069100001800089245003000107260001600137365000800153440000600161650002200167650001400189OSt20230609144618.0210423s2003 xx 000 0 und d cAL a307.72 HAZM223 aHAZARE (Anna) aMy village my sacred land aKochic2003 cINR v1 aRural Communities aSociology